书目信息 |
| 题名: |
未来之路
|
|
| 作者: | 盖茨 , Gates 著 ;辜正坤 译 | |
| 分册: | ||
| 出版信息: | 北京 北京大学出版社 1996 |
|
| 页数: | 364页 | |
| 开本: | 20cm | |
| 丛书名: | ||
| 单 册: | ||
| 中图分类: | TN913.24 , TP30 | |
| 科图分类: | ||
| 主题词: | 信息高速公路 , 计算技术 , 电子计算机 | |
| 电子资源: | ||
| ISBN: | 7-301-02974-8 | |
| 000 | 00819nam0 2200289 450 | |
| 001 | 1551932126 | |
| 005 | 20150131142619.68 | |
| 010 | @a7-301-02974-8@dCNY20 | |
| 100 | @a19980324d1996 kemy0chiy0110 ea | |
| 101 | 1 | @achi@ceng |
| 102 | @aCN@b110000 | |
| 105 | @af z 000yy | |
| 200 | 1 | @a未来之路@9wei lai zhi lu@f(美)比尔·盖茨(Bill Gates)等著@g辜正坤主译 |
| 210 | @a北京@c北京大学出版社@d1996 | |
| 215 | @a364页@c照片及图@d20cm | |
| 300 | @aWilliam H.Gates Ⅲ授权出版 | |
| 510 | 1 | @aThe road ahead@zeng |
| 606 | 0 | @a信息高速公路 |
| 606 | 0 | @a计算技术 |
| 606 | 0 | @a电子计算机 |
| 690 | @aTN913.24@v5 | |
| 690 | @aTP30@v4 | |
| 701 | 1 | @a盖茨@9gai ci@bB.@4著 |
| 701 | 1 | @aGates@bBill@4著 |
| 702 | 0 | @a辜正坤@9gu zheng kun@f(1951.2~)@4译 |
| 801 | 0 | @aCN@bTSSF@c20150131 |
| 905 | @aZUCC@dTP30@eJY110 | |
| 未来之路/(美)比尔·盖茨(Bill Gates)等著/辜正坤主译.-北京:北京大学出版社,1996 |
| 364页:照片及图;20cm |
| William H.Gates Ⅲ授权出版 |
| ISBN 7-301-02974-8:CNY20 |
| ● |
| 相关链接 |
|
|
|
|
正题名:未来之路
索取号:TP30/JY110
 
预约/预借
| 序号 | 登录号 | 条形码 | 馆藏地/架位号 | 状态 | 备注 |
| 1 | 7862423 | 278624231 | 学院路分馆/ [索取号:TP30/JY110] | 在馆 | |
| 2 | 7862424 | 278624240 | 学院路分馆/ [索取号:TP30/JY110] | 在馆 | |
| 3 | 7862425 | 278624259 | 学院路分馆/ [索取号:TP30/JY110] | 在馆 | |
| 4 | 7862426 | 278624268 | 学院路分馆/ [索取号:TP30/JY110] | 在馆 |